000 00511nam a2200181Ia 4500
001 19627
003 IN-NITTTR
005 20251114233226.0
008 251113s9999||||xx |||||||||||||| ||eng||
040 _beng
040 _cIN-NITTTR
041 _aeng
082 _a004 H966C
100 _aHussain, Khateeb M.
245 0 _aComputers :
_b technology, applications, and social implications with BASIC and Pascal. /
_cHussain, Khateeb M., Hussain, Donna S.
700 _a Hussain, Donna S.
942 _2ddc
_cBK
999 _c22261
_d22261